| 000 | 01493nam a22003017a 4500 | ||
|---|---|---|---|
| 003 | dpl | ||
| 005 | 20080715160212.0 | ||
| 007 | ta | ||
| 008 | 080708t xxu||||| |||| 00| 0 eng d | ||
| 010 | _aDVD-000007-09 | ||
| 024 | _cRs.99.00 | ||
| 037 | _a0173/ 12-05-08 | ||
| 040 |
_aDpl _cdpl |
||
| 082 | _aCD / ANIM | ||
| 245 |
_aAnimal Stories _cProduced by Maritop Corporation, distributed by Poineers Office Automation _hCD-Rom |
||
| 260 |
_bMaritop Corporation _c2008 |
||
| 300 | _a1 disc (CD) | ||
| 440 | _aApple Tree Knowledge Series | ||
| 500 | _afor Age5 to 12 years | ||
| 538 | _aMinimus system reauirements: P-II & above, 64 MB RAM, CD-Rom Drive, Windows 95/98//2000/NT, 256 Color VGA Display | ||
| 538 | _aInstallation:Insert the CD ROM in the CD Rom drive, the CD will run automatically | ||
| 650 | _2Story | ||
| 942 |
_cCF _hCD / ANIM _2ddc |
||
| 999 |
_c14460 _d14460 |
||